000 00421nam a2200181Ia 4500
001 4613
005 20260306145809.0
008 260306t2007||||xx |||||||||||||| ||spa||
041 _aESP
082 _a327.73
_bG74
100 _aGore, Al
_eAUT
245 0 _aEl ataque contra la razón texto impreso
260 _c2007
300 _a334 páginas :
_ccm.
650 _aGEN
654 _aCHU
942 _cLIB
_dJUS
_fJUS
_2ddc
_n
999 _c4613
_d4613